| 000 | 00662nam a2200229 a 4500 | ||
|---|---|---|---|
| 008 | |||
| 020 | _a0721679005 (hbk.) | ||
| 049 | _aMAIN | ||
| 090 |
_aRD676 _bSAI |
||
| 100 | 1 | _aSaidi, Farrokh. | |
| 245 | 1 | 0 |
_aSurgery of hydatid disease / _cFarrokh Saidi. |
| 260 |
_aLondon : _bW.B. Saunders Company Ltd, _c1976. |
||
| 300 |
_aix, 396 p. : _bill. ; _c26 cm. |
||
| 504 | _aIncludes bibliographical references. | ||
| 500 | _aIncludes index. | ||
| 650 | 1 | _aEchinococcosis-Surgery. | |
| 907 |
_a.b10271752 _b24-11-09 _c18-11-09 |
||
| 003 | |||
| 005 | 20230120204025.0 | ||
| 040 | _cNUST | ||
| 942 |
_cBOOKS _kRD676 _mSAI |
||
| 999 |
_c115741 _d115741 |
||